Lenguaje, juegos de habla y construcción de un orden democrático: debates en La Ciudad Futura y Punto de Vista durante el periodo de la transición (Record no. 181735)
[ view plain ]
| 000 -CABECERA | |
|---|---|
| campo de control de longitud fija | 01712nab a2200289 a 4500 |
| 005 - FECHA Y HORA DE LA ÚLTIMA TRANSACCIÓN | |
| campo de control | 20250703063904.0 |
| 008 - ELEMENTOS DE LONGITUD FIJA--INFORMACIÓN GENERAL | |
| campo de control de longitud fija | 991125c2015 mx tr p o 000 0 spa d |
| 035 ## - NÚMERO DE CONTROL DEL SISTEMA | |
| Número de control de sistema | UPN01000209634 |
| 040 ## - FUENTE DE LA CATALOGACIÓN | |
| Centro catalogador/agencia de origen | MX-MxUPN |
| Lengua de catalogación | spa |
| Centro/agencia transcriptor | MX-MxUPN |
| Normas de descripción | aacr2 |
| 049 ## - COLECCIÓN | |
| Colección | ART-E |
| 100 1# - ASIENTO PRINCIPAL--NOMBRE PERSONAL | |
| Nombre de persona | Maccioni, Laura |
| 100 1# - ASIENTO PRINCIPAL--NOMBRE PERSONAL | |
| Filiación | maccioni@hotmail.com |
| 245 10 - MENCIÓN DE TÍTULO | |
| Título | Lenguaje, juegos de habla y construcción de un orden democrático: debates en La Ciudad Futura y Punto de Vista durante el periodo de la transición |
| 506 0# - NOTA DE RESTRICCIONES AL ACCESO | |
| Limitaciones de acceso | Acceso abierto |
| 520 3# - NOTA DE RESUMEN, ETC. | |
| Sumario, etc. | Se examinan dos de las revistas culturales más importantes en el campo intelectual argentino durante los primeros años de la transición a la democracia en Argentina (1983-1989): Punto de Vista. Revista de Cultura y La Ciudad Futura. Revista de Cultura Socialista. Se analiza un conjunto de artículos en los que el uso de modelos y conceptos propios del pragmatismo linguístico y la teoría de la hegemonía gramsciana hacen posible una revisión crítica de ciertas categorías binarias fundamentales en el pensamiento de la izquierda (como las oposiciones orden/conflicto, verdad/sentido común, intelectuales/clases populares) y una reformulación de las relaciones entre lo político y lo cultural. |
| 650 #2 - ASIENTO SECUNDARIO DE MATERIA - TERMINO TEMATICO | |
| Término de materia o nombre geográfico como elemento de entrada | Cultura política |
| 9 (RLIN) | 8905 |
| 650 #4 - ASIENTO SECUNDARIO DE MATERIA - TERMINO TEMATICO | |
| Término de materia o nombre geográfico como elemento de entrada | Lenguaje |
| 9 (RLIN) | 3841 |
| 650 #4 - ASIENTO SECUNDARIO DE MATERIA - TERMINO TEMATICO | |
| Término de materia o nombre geográfico como elemento de entrada | Juego |
| 9 (RLIN) | 13796 |
| 650 #2 - ASIENTO SECUNDARIO DE MATERIA - TERMINO TEMATICO | |
| Término de materia o nombre geográfico como elemento de entrada | Intelectuales |
| 9 (RLIN) | 26506 |
| 653 0# - TERMINO DE INDIZACION - NO CONTROLADO | |
| Término no controlado | Revistas científicas |
| 653 0# - TERMINO DE INDIZACION - NO CONTROLADO | |
| Término no controlado | Análisis cultural |
| 773 ## - ENLACE AL DOCUMENTO FUENTE/ENTRADA DE REGISTRO ANFITRIÓN | |
| Parte(s) relacionada(s) | Vol. 12, no. 27 (2015), p. 97-121 |
| Título | Andamios : revista de investigación social |
| Número Internacional Normalizado para Publicaciones Seriadas | 2594-1917 |
| 856 4# - LOCALIZACIÓN Y ACCESO ELECTRÓNICOS | |
| Identificador Uniforme del Recurso | <a href="https://andamios.uacm.edu.mx/index.php/andamios/article/view/72">https://andamios.uacm.edu.mx/index.php/andamios/article/view/72</a> |
| 902 ## - ELEMENTOS DE DATOS B LOCAL, LDB (RLIN) | |
| Creó | Gloria Jiménez/020725 |
| 905 ## - TIPO DE MATERIAL | |
| Tipo de material | Articulo |
| 942 ## - ELEMENTOS DE PUNTO DE ACCESO ADICIONAL (KOHA) | |
| Tipo de ítem Koha | Artículo Electrónico |
| Estado de retiro | Estado de pérdida | Estado dañado | No para préstamo | Código de colección | Localización permanente | Ubicación/localización actual | Ubicación en estantería | Fecha de adquisición | Total de préstamos | Fecha visto por última vez | Identificador Uniforme del Recurso | Precio válido a partir de | Tipo de ítem Koha |
|---|---|---|---|---|---|---|---|---|---|---|---|---|---|
| Acceso abierto | Bib. Gregorio Torres Quintero | Bib. Gregorio Torres Quintero | En línea | 02/07/2025 | 02/07/2025 | https://andamios.uacm.edu.mx/index.php/andamios/article/view/72 | 02/07/2025 | Artículo Electrónico |
